LEADER 01209nam a2200289 i 4500 001 000000039297 003 CaOOAMICUS 005 20091123000000.0 008 091123s1983 it u000 u ita u 013 $a10027 020 $a88-211-8612-1 040 $aSeMil$bita 100 1 $aVannini, Marco,$d<1948- >.$0(OLS)http://semarc/name/3166 245 10$aDialettica della fede /$cMarco Vannini. 260 $aCasale Monferrato :$bMarietti,$c1983. 300 $a132 p. ;$c22 cm. 490 0 $aCollana di filosofia ;$v4 600 04$aEckhart : Meister .$0(OLS)http://semarc/subject/8108 600 14$aHegel, Georg Wilhelm Friedrich <1770-1831>.$0(OLS)http://semarc/subject/3904 650 4$aFede.$0(OLS)http://semarc/subject/589 830 0$aCollana di filosofia ;$v4.$0(OLS)http://semarc/title/419438 850 $aSeMil 852 $aSeMil$W1$xVenegono$y1$m2B VI 136$j5452$B5452$CSeMilBibl$Z2$F5452 $81 961 $aOmaggio: Serenthà don Mario 996 $6020$a88-211-8612-1$9(OLS)http://semarc/number/8918 996 $6245$aDialettica della fede$9(OLS)http://semarc/title/55889 996 $6260$aCasale Monferrato :$bMarietti$9(OLS)http://semarc/publisher/29936 LEADER 00859nam a2200229 i 4500 001 000000048830 003 CaOOAMICUS 005 20120607000000.0 008 120607s1963 it u000 u ita u 013 $a20000 040 $aSeMil$bita 100 1 $aGuidetti, Armando.$0(OLS)http://semarc/name/6782 245 10$aPerchè no il divorzio? /$cArmando Guidetti. 260 $aMilano :$bNuova accademia editrice,$ccopyr. 1963. 300 $a257 p. ;$c18 cm. 490 0 $aIl dubbio 650 4$aDivorzio.$0(OLS)http://semarc/subject/5893 830 3$aIl dubbio.$0(OLS)http://semarc/title/8284 850 $aSeMil 852 $aSeMil$W1$xVenegono$y1$m2E I 199$j14985$B14985$CSeMilBibl$Z2$F14985 $81 996 $6245$aPerchè no il divorzio?$9(OLS)http://semarc/title/73981 996 $6260$aMilano :$bNuova accademia editrice$9(OLS)http://semarc/publisher/31675